Top 10 Most Populous European Capitals - Statistics

General Stats
  • This quiz has been taken 173 times
  • The average score is 9 of 10
Answer Stats
Population Capital % Correct
14.7 mil London
100%
11.4 mil Paris
100%
4.75 mil Berlin
99%
6.45 mil Madrid
99%
17.2 mil Moscow
98%
3.57 mil Rome
95%
2.55 mil Lisbon
83%
3.35 mil Athens
82%
3.45 mil Kiev
82%
2.60 mil Budapest
76%
No matching quizzes found
Score Distribution
Percent of People with Each Score
Percentile by Number Answered
Your Score History
You have not taken this quiz